[Event "Kirchberg op 7th"]
[Site "Kirchberg"]
[Date "2019.09.01"]
[Round "7"]
[White "Bauer, Sebastian"]
[Black "Humer, Wolfgang"]
[Result "1-0"]
[WhiteElo "2155"]
[BlackElo "2168"]
[PlyCount "85"]
[EventDate "2019.08.26"]
[EventType "swiss"]
[EventRounds "7"]
[EventCountry "AUT"]
[SourceTitle "EXT 2020"]
[Source "ChessBase"]
[SourceDate "2019.10.17"]
[SourceVersion "1"]
[SourceVersionDate "2019.10.17"]
[SourceQuality "1"]

1. d4 Nf6 2. Nf3 e6 3. e3 Nc6 4. a3 g6 5. c4 d6 6. Nc3 Bg7 7. Be2 0-0 8. 0-0 e5 9. dxe5 dxe5 10. Nd2 a5 11. Bf3 Bf5 12. Qa4 Qe8 13. c5 Bd3 14. Rd1 Qe7 15. Nde4 Nxe4 16. Nxe4 Rfd8 17. Re1 f5 18. Nc3 e4 19. Be2 Qxc5 20. Qb3+ Kh8 21. Bd2 Ne5 22. Rac1 Qd6 23. Red1 a4 24. Qa2 Qa6 25. Bxd3 Nxd3 26. Rc2 c6 27. h4 Rd6 28. Rf1 Rad8 29. Ne2 Bxb2 30. Rxb2 Kg7 31. Bc3+ Kh6 32. Rbb1 R8d7 33. Qg8 c5 34. Ng3 Rf6 35. Bxf6 Qxf6 36. h5 Rg7 37. Qb8 Qf7 38. hxg6 hxg6 39. Ne2 Rh7 40. Nf4 c4 41. Rb6 Rg7 42. Nxd3 cxd3 43. Qh2+ 1-0

[Event "Ansfelden Regional-ch"]
[Site "Ansfelden"]
[Date "2018.03.26"]
[Round "4"]
[White "Koller, Hans Juergen"]
[Black "Humer, Wolfgang"]
[Result "1-0"]
[WhiteElo "2163"]
[BlackElo "2155"]
[PlyCount "57"]
[EventDate "2018.03.23"]
[EventType "tourn"]
[EventRounds "9"]
[EventCountry "AUT"]
[SourceTitle "CBM 183 Extra"]
[Source "ChessBase"]
[SourceDate "2018.04.19"]
[SourceVersion "1"]
[SourceVersionDate "2018.04.19"]
[SourceQuality "1"]

1. d4 d6 2. c4 Nf6 3. Nc3 Nbd7 4. e4 c6 5. h3 e5 6. d5 Nc5 7. Qc2 a5 8. Nf3 g6 9. Be3 cxd5 10. cxd5 b6 11. Nd2 Bg7 12. Bb5+ Bd7 13. Bxc5 bxc5 14. Nc4 Ke7 15. Bxd7 Nxd7 16. Nb5 Ra6 17. 0-0 Qb8 18. a4 Rc8 19. g3 Nf6 20. Ra3 Ne8 21. f4 exf4 22. Raf3 Be5 23. gxf4 Bd4+ 24. Kh1 Qb7 25. Qg2 Kf8 26. f5 Kg8 27. fxg6 fxg6 28. Rf8+ Kg7 29. Qf3 1-0

[Event "Ansfelden Regional-ch"]
[Site "Ansfelden"]
[Date "2018.03.24"]
[Round "2"]
[White "Humer, Wolfgang"]
[Black "Hiermann, Dietmar"]
[Result "1/2-1/2"]
[WhiteElo "2155"]
[BlackElo "2257"]
[PlyCount "118"]
[EventDate "2018.03.23"]
[EventType "tourn"]
[EventRounds "9"]
[EventCountry "AUT"]
[SourceTitle "CBM 183 Extra"]
[Source "ChessBase"]
[SourceDate "2018.04.19"]
[SourceVersion "1"]
[SourceVersionDate "2018.04.19"]
[SourceQuality "1"]

1. e4 e5 2. Qh5 d6 3. Bc4 g6 4. Qf3 Qe7 5. Ne2 Bg7 6. 0-0 Nf6 7. Nbc3 0-0 8. d3 c6 9. a4 Nbd7 10. a5 Kh8 11. Bg5 Qe8 12. Ng3 Ng8 13. b4 Ne7 14. b5 f6 15. Bc1 f5 16. bxc6 bxc6 17. Qd1 f4 18. Nh1 Nf6 19. Ba3 Qd8 20. a6 f3 21. Qxf3 Nfd5 22. Qxf8+ Bxf8 23. exd5 cxd5 24. Nxd5 Nxd5 25. Bxd5 Rb8 26. Ng3 Bxa6 27. Bc1 Bb7 28. Bb3 a6 29. Ne4 d5 30. Ng5 Qd7 31. Re1 Bg7 32. Ra4 h6 33. Rh4 Kg8 34. Nf3 g5 35. Rhe4 Kh7 36. Nxe5 Qf5 37. R4e2 Rf8 38. d4 Bxe5 39. dxe5 Qe6 40. Re3 h5 41. Rh3 Kg6 42. c3 h4 43. Bc2+ Kh5 44. Bd1+ Kg6 45. f4 gxf4 46. Rxh4 Qb6+ 47. Kf1 a5 48. Bc2+ Kg7 49. Rg4+ Kh8 50. Bd3 Ba6 51. Bxa6 Qxa6+ 52. Kf2 Qc4 53. e6 Qc5+ 54. Kf1 Qb5+ 55. Re2 f3 56. Rh4+ Kg8 57. Rg4+ Kh7 58. Rh4+ Kg6 59. Rg4+ Kh7 1/2-1/2

[Event "AUT-chT2M 1314"]
[Site "Austria"]
[Date "2014.04.05"]
[Round "10.6"]
[White "Humer, Wolfgang"]
[Black "Hatzl, Johannes"]
[Result "1/2-1/2"]
[WhiteElo "2279"]
[BlackElo "2131"]
[PlyCount "83"]
[EventDate "2013.10.04"]
[EventType "team-tourn"]
[EventRounds "11"]
[EventCountry "AUT"]
[SourceTitle "EXT 2015"]
[Source "ChessBase"]
[SourceDate "2014.11.20"]
[SourceVersion "1"]
[SourceVersionDate "2014.11.20"]
[SourceQuality "1"]
[WhiteTeam "Grieskirchen/Sedda"]
[BlackTeam "Fuerstenfeld"]
[WhiteTeamCountry "AUT"]
[BlackTeamCountry "AUT"]

1. e4 c5 2. Nf3 Nc6 3. Bb5 e6 4. 0-0 Nge7 5. Re1 a6 6. Bf1 d5 7. exd5 Nxd5 8. d4 cxd4 9. Nxd4 Nxd4 10. Qxd4 Nf6 11. Qxd8+ Kxd8 12. Nc3 Kc7 13. Be3 b5 14. a4 b4 15. Na2 Nd5 16. a5 Bd7 17. Bd4 Bb5 18. c4 bxc3 19. Nxc3 Nxc3 20. bxc3 Bxf1 21. Kxf1 Bd6 22. Bxg7 Rhb8 23. Bd4 Rb5 24. c4 Rf5 25. h3 Bc5 26. Be5+ Kc6 27. f4 Rh5 28. Red1 f6 29. Bxf6 Rf8 30. g4 Rxh3 31. Be5 Rg3 32. Ke2 Rxg4 33. Rh1 Rg2+ 34. Kd3 Rd8+ 35. Ke4 Re2+ 36. Kf3 Rf2+ 37. Kg4 Rg8+ 38. Kh5 Rg6 39. Rab1 Bf8 40. Rbg1 Rh6+ 41. Kg5 Rg6+ 42. Kh5 1/2-1/2

[Event "AUT-chT2M 1314"]
[Site "Austria"]
[Date "2013.10.05"]
[Round "2.5"]
[White "Humer, Wolfgang"]
[Black "Hiermann, Dietmar"]
[Result "1/2-1/2"]
[WhiteElo "2279"]
[BlackElo "2276"]
[PlyCount "83"]
[EventDate "2013.10.04"]
[EventType "team-tourn"]
[EventRounds "11"]
[EventCountry "AUT"]
[SourceTitle "CBM 156 Extra"]
[Source "ChessBase"]
[SourceDate "2013.10.22"]
[SourceVersion "1"]
[SourceVersionDate "2013.10.22"]
[SourceQuality "1"]
[WhiteTeam "Grieskirchen/Sedda"]
[BlackTeam "Sauwald"]
[WhiteTeamCountry "AUT"]
[BlackTeamCountry "AUT"]

1. e4 e5 2. Nc3 Nf6 3. g3 d5 4. exd5 Nxd5 5. Bg2 Nxc3 6. bxc3 Bd6 7. Nf3 0-0 8. 0-0 Nc6 9. d4 Rb8 10. Re1 exd4 11. cxd4 Bb4 12. Re3 Be6 13. Bb2 Na5 14. a3 Bd6 15. d5 Bd7 16. Qd4 f6 17. Ng5 h6 18. Ne6 Bxe6 19. dxe6 Nc6 20. Qc4 Qe7 21. Rd1 Ne5 22. Qb3 b5 23. Re4 Nc4 24. Bc1 Kh8 25. Rd5 f5 26. Re2 a6 27. Bh3 c6 28. Rxf5 Rxf5 29. Bxf5 Na5 30. Qf3 Rf8 31. Qh5 Qf6 32. Bg6 Kg8 33. Bf7+ Kh7 34. Bf4 Nc4 35. Bxd6 Nxd6 36. Qc5 Rxf7 37. exf7 Nxf7 38. Qa7 Ne5 39. Qxa6 Nf3+ 40. Kg2 Ne5 41. Rd2 Qf3+ 42. Kg1 1/2-1/2

[Event "AUT-chT2M 1213"]
[Site "Austria"]
[Date "2013.04.20"]
[Round "10.5"]
[White "Halvax, Georg"]
[Black "Humer, Wolfgang"]
[Result "1-0"]
[WhiteElo "2282"]
[BlackElo "2268"]
[PlyCount "53"]
[EventDate "2012.10.19"]
[EventType "team-tourn"]
[EventRounds "11"]
[EventCountry "AUT"]
[SourceTitle "EXT 2014"]
[Source "ChessBase"]
[SourceDate "2013.11.20"]
[SourceVersion "1"]
[SourceVersionDate "2013.11.20"]
[SourceQuality "1"]
[WhiteTeam "Maria Saal"]
[BlackTeam "Grieskirchen/Schallerbach"]
[WhiteTeamCountry "AUT"]
[BlackTeamCountry "AUT"]

1. e4 g6 2. d4 Nf6 3. e5 Nh5 4. Bc4 d5 5. Bd3 Ng7 6. Bh6 Bf5 7. Nc3 Bxd3 8. Qxd3 Qd7 9. Nge2 Ne6 10. Bxf8 Rxf8 11. f4 f5 12. exf6 Rxf6 13. g3 Nc6 14. 0-0-0 0-0-0 15. Rhe1 Ng7 16. Ng1 Qf5 17. Qd2 Qg4 18. Re3 Re6 19. Nf3 Rxe3 20. Qxe3 Qe6 21. Ne5 Nf5 22. Qf2 Nxe5 23. fxe5 Nh6 24. Qf4 Qh3 25. e6 c6 26. Rd3 Qxh2 27. Nb5 1-0

[Event "AUT-chT2M 1213"]
[Site "Austria"]
[Date "2012.11.24"]
[Round "4.5"]
[White "Wiesinger, Robert"]
[Black "Humer, Wolfgang"]
[Result "1-0"]
[WhiteElo "2244"]
[BlackElo "2268"]
[PlyCount "65"]
[EventDate "2012.10.19"]
[EventType "team-tourn"]
[EventRounds "11"]
[EventCountry "AUT"]
[SourceTitle "CBM 151 Extra"]
[Source "ChessBase"]
[SourceDate "2012.12.18"]
[SourceVersion "1"]
[SourceVersionDate "2012.12.18"]
[SourceQuality "1"]
[WhiteTeam "Steyregg"]
[BlackTeam "Grieskirchen/Schallerbach"]
[WhiteTeamCountry "AUT"]
[BlackTeamCountry "AUT"]

1. e4 g6 2. d4 Bg7 3. Nc3 d6 4. f4 a6 5. Nf3 b5 6. Bd3 Bb7 7. a4 b4 8. Ne2 Nd7 9. c3 bxc3 10. bxc3 c5 11. 0-0 cxd4 12. cxd4 Nh6 13. Rb1 Qc7 14. Qe1 f5 15. Ng3 fxe4 16. Bxe4 Bxe4 17. Qxe4 Rc8 18. Rb7 Qc6 19. Re1 Qxe4 20. Nxe4 Nf5 21. Bb2 d5 22. Nc3 Rb8 23. Rxb8+ Nxb8 24. Nxd5 h5 25. Ne5 Bxe5 26. dxe5 0-0 27. Ba3 Nc6 28. Rc1 Nfd4 29. Rc4 Kf7 30. Nxe7 Ne2+ 31. Kf2 Nxe7 32. Kxe2 Nd5 33. Bxf8 1-0

[Event "AUT-chT2M 1112"]
[Site "Austria"]
[Date "2012.03.03"]
[Round "8.4"]
[White "Dietmayer Kraeutler, Marco"]
[Black "Humer, Wolfgang"]
[Result "0-1"]
[WhiteElo "2222"]
[BlackElo "2244"]
[PlyCount "114"]
[EventDate "2011.10.21"]
[EventType "team-tourn"]
[EventRounds "11"]
[EventCountry "AUT"]
[SourceTitle "EXT 2013"]
[Source "ChessBase"]
[SourceDate "2012.11.22"]
[SourceVersion "1"]
[SourceVersionDate "2012.11.22"]
[SourceQuality "1"]
[WhiteTeam "St Veit/Glan"]
[BlackTeam "Grieskirchen/Schallerbach"]
[WhiteTeamCountry "AUT"]
[BlackTeamCountry "AUT"]

1. d4 d6 2. Nf3 Bg4 3. h3 Bxf3 4. exf3 Nd7 5. f4 e6 6. Be2 d5 7. 0-0 Bd6 8. b3 Qf6 9. g3 Ne7 10. Ba3 Nf5 11. c3 0-0-0 12. Bxd6 cxd6 13. Nd2 g5 14. fxg5 Qxg5 15. Nf3 Qg7 16. Bd3 Nxg3 17. fxg3 Qxg3+ 18. Kh1 Qxh3+ 19. Nh2 Rdg8 20. Qe2 Rg3 21. Rf3 Rhg8 22. Raf1 f5 23. Rxg3 Rxg3 24. Rf3 f4 25. Qf1 Qh6 26. Qf2 Qg5 27. Be2 e5 28. dxe5 dxe5 29. Bb5 Rxf3 30. Nxf3 Qh5+ 31. Nh2 b6 32. Qg2 Qd1+ 33. Nf1 Nf6 34. Be2 Qe1 35. Ba6+ Kd8 36. Qg5 Qe4+ 37. Kh2 Qg6 38. Qh4 Ke8 39. a4 Kf7 40. Kh1 h6 41. Qh3 e4 42. Bc8 Qg5 43. Qe6+ Kg7 44. Qe7+ Kg6 45. Be6 Kh5 46. Bxd5 f3 47. Ne3 Qxe3 48. Bf7+ Kh4 49. Qxf6+ Kg3 50. Qd6+ Qf4 51. Qxf4+ Kxf4 52. Kg1 e3 53. Bh5 Kg3 54. Kf1 e2+ 55. Ke1 Kg2 56. Bxf3+ Kxf3 57. b4 h5 0-1

[Event "AUT-chT2M 1112"]
[Site "Austria"]
[Date "2011.10.23"]
[Round "3.5"]
[White "Waldmann, Gerald"]
[Black "Humer, Wolfgang"]
[Result "0-1"]
[WhiteElo "2208"]
[BlackElo "2244"]
[PlyCount "144"]
[EventDate "2011.10.21"]
[EventType "team-tourn"]
[EventRounds "11"]
[EventCountry "AUT"]
[SourceTitle "EXT 2013"]
[Source "ChessBase"]
[SourceDate "2012.11.22"]
[SourceVersion "1"]
[SourceVersionDate "2012.11.22"]
[SourceQuality "1"]
[WhiteTeam "Wolfsberg"]
[BlackTeam "Grieskirchen/Schallerbach"]
[WhiteTeamCountry "AUT"]
[BlackTeamCountry "AUT"]

1. e4 c5 2. Nf3 g6 3. d4 Bg7 4. Nc3 cxd4 5. Nxd4 Nc6 6. Be3 Nf6 7. Bc4 Qa5 8. 0-0 0-0 9. Bb3 d6 10. h3 Bd7 11. f4 Qh5 12. Qxh5 Nxh5 13. Nde2 Nf6 14. Rad1 a6 15. Bb6 Rac8 16. Kf2 Be6 17. Ke3 Bxb3 18. axb3 Nb4 19. Kd2 e5 20. Be3 d5 21. exd5 Rfd8 22. Kc1 Nfxd5 23. Bd2 exf4 24. Nxf4 Nxc3 25. bxc3 Na2+ 26. Kb1 Bxc3 27. Kxa2 Bxd2 28. Kb1 Rd6 29. Nd3 Bc3 30. Rf3 Rcd8 31. Rdf1 f5 32. Nc1 Bg7 33. Rd3 h5 34. Re1 Bf6 35. Ka2 Kf7 36. Red1 Be5 37. Rf1 Rd5 38. b4 Ke6 39. Kb3 g5 40. Re1 f4 41. Rxd5 Rxd5 42. Nd3 Kf5 43. Kc4 Rd4+ 44. Kc5 Re4 45. Rxe4 Kxe4 46. Kb6 Bd4+ 47. Kxb7 f3 48. gxf3+ Kxf3 49. Kxa6 g4 50. hxg4 h4 51. b5 h3 52. b6 Bxb6 53. Kxb6 h2 54. c4 h1Q 55. Nb4 Qh6+ 56. Kb5 Ke4 57. c5 Qg5 58. Kb6 Kd4 59. Nc6+ Kd5 60. Kb5 Ke6 61. Kb6 Qe3 62. Nb4 Qd4 63. Kb5 Qxg4 64. c6 Kd6 65. Na6 Qe2+ 66. Kb6 Qb2+ 67. Ka5 Kxc6 68. Nb4+ Kd6 69. Kb5 Qb3 70. Ka5 Kc5 71. Na6+ Kc4 72. Nc7 Qb7 0-1

[Event "AUT-chT2M 0607"]
[Site "Austria"]
[Date "2007.04.01"]
[Round "11.4"]
[White "Krebs, Johann"]
[Black "Humer, Wolfgang"]
[Result "0-1"]
[WhiteElo "2276"]
[BlackElo "2239"]
[PlyCount "100"]
[EventDate "2006.10.28"]
[EventType "team-tourn"]
[EventRounds "11"]
[EventCountry "AUT"]
[SourceTitle "EXT 2007"]
[Source "ChessBase"]
[SourceDate "2006.11.23"]
[SourceVersion "1"]
[SourceVersionDate "2006.11.23"]
[SourceQuality "1"]
[WhiteTeam "Graz Strassenbahn"]
[BlackTeam "Ansfelden"]
[WhiteTeamCountry "AUT"]
[BlackTeamCountry "AUT"]

1. d4 Nf6 2. c4 c5 3. d5 b5 4. Nf3 bxc4 5. Nc3 d6 6. e4 Bg4 7. Bxc4 Nbd7 8. 0-0 g6 9. h3 Bxf3 10. Qxf3 Bg7 11. Qd1 0-0 12. Qc2 Rb8 13. Nb5 Qb6 14. a4 a6 15. a5 Qb7 16. Na3 Ne8 17. Rb1 Nc7 18. b4 cxb4 19. Bd2 Qa7 20. Rxb4 Bd4 21. Bc3 Bc5 22. Rxb8 Rxb8 23. Qc1 Nb5 24. Bb2 Bb4 25. Bxb5 axb5 26. Qc6 Ne5 27. Bxe5 Bxa3 28. Ba1 Qxa5 29. e5 Bc5 30. e6 f5 31. Bb2 Qb6 32. Qxb6 Rxb6 33. Ra1 Rb8 34. g4 fxg4 35. hxg4 Rf8 36. Rf1 Rf4 37. Kg2 Rxg4+ 38. Kf3 Rb4 39. Ba1 Bd4 40. Rd1 Bxa1 41. Rxa1 Ra4 42. Rc1 Rc4 43. Ra1 Rc7 44. Ra8+ Kg7 45. Rb8 Kf6 46. Ke4 Rc4+ 47. Ke3 Ke5 48. Rxb5 Rc3+ 49. Ke2 Rc5 50. Rb7 Kf6 0-1

[Event "AUT-chT2M 9899"]
[Site "Austria"]
[Date "1999.03.13"]
[Round "10"]
[White "Knechtel, Roland"]
[Black "Humer, Wolfgang"]
[Result "1-0"]
[WhiteElo "2150"]
[BlackElo "2280"]
[PlyCount "125"]
[EventDate "1998.11.??"]
[EventType "team-swiss"]
[EventRounds "11"]
[EventCountry "AUT"]
[SourceTitle "EXT 2000"]
[Source "ChessBase"]
[SourceDate "1999.11.16"]
[SourceVersion "1"]
[SourceVersionDate "1999.11.16"]
[SourceQuality "1"]

1. d4 Nf6 2. c4 e5 3. dxe5 Ng4 4. e4 Nxe5 5. f4 Nec6 6. Be3 Bb4+ 7. Nd2 Qh4+ 8. g3 Qe7 9. Bg2 b6 10. Ne2 Bb7 11. Nc3 Bxc3 12. bxc3 Na6 13. Nb3 0-0 14. Kf2 d6 15. Re1 Rae8 16. Bd4 Qe6 17. Qd3 Nab8 18. e5 dxe5 19. Bxe5 Qh6 20. Bxc7 Qxh2 21. Rh1 Qxg2+ 22. Kxg2 Nb4+ 23. Qf3 Re2+ 24. Kf1 Bxf3 25. cxb4 Rfe8 26. Nd4 Bg2+ 27. Kg1 Rd2 28. Nb3 Bxh1 29. Nxd2 Bb7 30. Bxb8 Rxb8 31. Kf2 Kf8 32. Re1 Rd8 33. Nb3 Rc8 34. Rc1 Ke7 35. Ke3 Kf6 36. Nd4 Re8+ 37. Kf2 Rd8 38. Ke3 Re8+ 39. Kd3 g5 40. c5 bxc5 41. Rxc5 Be4+ 42. Kd2 gxf4 43. gxf4 Rd8 44. Ke3 Bd5 45. Ra5 Re8+ 46. Kd2 Bc4 47. Rxa7 Re4 48. Kc3 Bf1 49. b5 Re8 50. a4 Kg6 51. b6 Bg2 52. Ra5 f6 53. f5+ Kg5 54. Ra7 Rc8+ 55. Rc7 Rxc7+ 56. bxc7 Bb7 57. Kb4 Kf4 58. Kb5 Ke5 59. a5 Kd6 60. Ne6 Kd7 61. a6 Bg2 62. Kb6 Kc8 63. Nc5 1-0

[Event "AUT-chT2M 9899"]
[Site "Austria"]
[Date "1999.01.24"]
[Round "7"]
[White "Winiwarter, Felix"]
[Black "Humer, Wolfgang"]
[Result "0-1"]
[WhiteElo "2200"]
[BlackElo "2280"]
[PlyCount "110"]
[EventDate "1998.11.??"]
[EventType "team-swiss"]
[EventRounds "11"]
[EventCountry "AUT"]
[SourceTitle "EXT 2000"]
[Source "ChessBase"]
[SourceDate "1999.11.16"]
[SourceVersion "1"]
[SourceVersionDate "1999.11.16"]
[SourceQuality "1"]

1. e4 c5 2. Nf3 Nc6 3. d4 cxd4 4. Nxd4 g6 5. Nc3 Bg7 6. Be3 Nf6 7. Be2 0-0 8. Nb3 d6 9. f4 Qc7 10. g4 Be6 11. f5 Bxb3 12. axb3 d5 13. exd5 Qe5 14. Qd2 Ne4 15. Nxe4 Qxe4 16. 0-0 Bd4 17. Bxd4 Nxd4 18. Bd1 Qxd5 19. Qh6 Rfd8 20. c3 Nxb3 21. Bxb3 Qxb3 22. Rae1 Rd7 23. Rxe7 Qb6+ 24. Rf2 Rd1+ 25. Kg2 Qc6+ 26. Kh3 Rd3+ 27. Re3 Rxe3+ 28. Qxe3 Re8 29. Qd4 gxf5 30. Rxf5 Qh6+ 31. Rh5 Qe3+ 32. Qxe3 Rxe3+ 33. Kh4 Re2 34. Kg5 Rxb2 35. Kf6 Rb6+ 36. Ke7 Re6+ 37. Kd7 Rc6 38. Rh3 Kg7 39. Rf3 Rh6 40. h3 Rc6 41. Ke7 Re6+ 42. Kd7 b5 43. Rf5 a6 44. Rg5+ Kf8 45. Rh5 Re3 46. Rxh7 Rd3+ 47. Kc6 Kg8 48. Rh6 Rxc3+ 49. Kb6 Ra3 50. Kc5 Kg7 51. g5 Rc3+ 52. Kb6 b4 53. Kxa6 b3 54. Ka5 b2 55. Rb6 Ra3+ 0-1

[Event "AUT-chT2O 9697"]
[Site "Austria"]
[Date "1997.??.??"]
[Round "9"]
[White "Kuba, Guenter"]
[Black "Humer, Wolfgang"]
[Result "1/2-1/2"]
[WhiteElo "2160"]
[BlackElo "2285"]
[PlyCount "36"]
[EventDate "1996.??.??"]
[EventType "team"]
[EventRounds "11"]
[EventCountry "AUT"]
[SourceTitle "EXT 1998"]
[Source "ChessBase"]
[SourceDate "1997.11.17"]
[SourceVersion "1"]
[SourceVersionDate "1997.11.17"]
[SourceQuality "1"]

1. e4 g6 2. d4 Bg7 3. Nf3 d6 4. Nc3 Nd7 5. Be2 e5 6. Bg5 Ngf6 7. Qd2 h6 8. Be3 Ng4 9. 0-0-0 0-0 10. h3 Nxe3 11. Qxe3 c6 12. dxe5 dxe5 13. Nd2 b5 14. Nb3 a5 15. Rd6 Qc7 16. Rhd1 Kh7 17. Kb1 Bf6 18. Bg4 Bg5 1/2-1/2

[Event "AUT-chT2O 9697"]
[Site "Austria"]
[Date "1996.??.??"]
[Round "3"]
[White "Humer, Wolfgang"]
[Black "Baumgartner, Heinz"]
[Result "1-0"]
[WhiteElo "2285"]
[BlackElo "2265"]
[PlyCount "115"]
[EventDate "1996.??.??"]
[EventType "team"]
[EventRounds "11"]
[EventCountry "AUT"]
[SourceTitle "EXT 1998"]
[Source "ChessBase"]
[SourceDate "1997.11.17"]
[SourceVersion "1"]
[SourceVersionDate "1997.11.17"]
[SourceQuality "1"]

1. e4 e5 2. Nf3 Nc6 3. Bc4 Nf6 4. d4 exd4 5. e5 d5 6. Bb5 Ne4 7. Nxd4 Bd7 8. Bxc6 bxc6 9. 0-0 Bc5 10. Be3 Qe7 11. Re1 0-0 12. f3 Ng5 13. Qd2 Ne6 14. Nc3 Rab8 15. Nb3 Rxb3 16. axb3 d4 17. Bf2 dxc3 18. bxc3 Bb6 19. Kh1 Re8 20. Bh4 g5 21. Bg3 Ng7 22. Bf2 Bf5 23. Be3 Ne6 24. Qc1 Rd8 25. h3 Rd5 26. Bd2 Qd8 27. Re2 h6 28. Kh2 Kh7 29. Ra4 Nf4 30. Bxf4 Rd1 31. Rd4 Rxc1 32. Rxd8 Bg1+ 33. Kg3 gxf4+ 34. Kxf4 Rxc2 35. Rxc2 Bxc2 36. b4 Bb3 37. Ke4 Bb6 38. g4 Bd5+ 39. Kf4 Bf2 40. Rd7 Be1 41. b5 Bd2+ 42. Kg3 Bxc3 43. f4 Be1+ 44. Kh2 Bd2 45. Kg3 Be1+ 46. Kh2 Ba5 47. bxc6 Be6 48. Rd8 Bb6 49. f5 Bc4 50. h4 a5 51. g5 hxg5 52. hxg5 Kg7 53. e6 fxe6 54. Rd7+ Kf8 55. f6 Bc5 56. g6 Bd6+ 57. Kh3 Ke8 58. Rh7 1-0

[Event "AUT-chT2O 9697"]
[Site "Austria"]
[Date "1996.??.??"]
[Round "6"]
[White "Humer, Wolfgang"]
[Black "Pingitzer, Harald"]
[Result "0-1"]
[WhiteElo "2285"]
[BlackElo "2255"]
[PlyCount "102"]
[EventDate "1996.??.??"]
[EventType "team"]
[EventRounds "11"]
[EventCountry "AUT"]
[SourceTitle "EXT 1998"]
[Source "ChessBase"]
[SourceDate "1997.11.17"]
[SourceVersion "1"]
[SourceVersionDate "1997.11.17"]
[SourceQuality "1"]

1. Nf3 e6 2. c4 d5 3. g3 Nf6 4. Bg2 Be7 5. 0-0 0-0 6. d4 dxc4 7. Nbd2 c5 8. Nxc4 Nc6 9. dxc5 Bxc5 10. b3 Qe7 11. Bb2 Rd8 12. Qc1 Bd7 13. Qg5 h6 14. Qh4 Be8 15. Rac1 Rac8 16. Nfe5 Nd4 17. Rfe1 Nf5 18. Qf4 b5 19. Na5 Bd4 20. Rxc8 Rxc8 21. Rc1 Rxc1+ 22. Qxc1 Qb4 23. Bxd4 Nxd4 24. Nac6 Nxe2+ 25. Kf1 Nxc1 26. Nxb4 a5 27. Nbc6 Bxc6 28. Bxc6 b4 29. Nc4 Nxa2 30. Nxa5 Kf8 31. Ke2 Ke7 32. Bf3 Nd7 33. Ke3 Ne5 34. Be2 Kd6 35. Kd4 Nc3 36. Nc4+ Nxc4 37. Bxc4 e5+ 38. Kd3 f6 39. Bg8 Kc5 40. f4 e4+ 41. Ke3 f5 42. Be6 Nd5+ 43. Ke2 Ne7 44. Ke3 g6 45. h4 Nd5+ 46. Ke2 Kd4 47. Bf7 Nc3+ 48. Ke1 Ke3 49. h5 gxh5 50. Bxh5 Nb5 51. Bg6 Nd4 0-1